Football Teams Jay-Jay Okocha Played For - Statistics

General Stats
  • This quiz has been taken 22 times
  • The average score is 3 of 7
Answer Stats
League Years Team % Correct
France 1998-2002 Paris Saint-Germain
90%
England 2002-2006 Bolton Wanderers
80%
Turkey 1996-1998 Fenerbahçe SK
50%
Germany 1992-1996 Eintracht Frankfurt
30%
Qatar 2006-2007 Qatar SC
30%
Germany 1990-1992 Borussia Neunkirchen
20%
England 2007-2008 Hull City
20%
No matching quizzes found
Score Distribution
Percent of People with Each Score
Percentile by Number Answered
Your Score History
You have not taken this quiz